000 00908nam a2200241Ia 4500
008 191130s2002##################000#0#eng##
020 _a9780761535713
022 _a2002025216
040 _aACL
_cACL
082 _a910.7973 ROS
100 _aRosenberg, Matthew T
245 _aThe geography bee complete preparation handbook : 1,001 questions & answers to help you win again and again!
_cMatthew T. Rosenberg and Jennifer E. Rosenberg
250 _a1st ed
260 _aRoseville, Calif
_bPrima Pub
_cc2002
300 _axiv, 365 p. : ill., maps ; 23 cm
650 _aGeography - Competitions - United States - Handbooks, manuals, etc
650 _aNational Geographic Bee - Handbooks, manuals, etc
650 _aSchool contests - United States - Handbooks, manuals, etc
700 _aRosenberg, Jennifer E
990 _aa257d44eac10000c12258a3f2ba46990
991 _a105987
999 _c50330
_d50330